[Event "Extremadura-chT"]
[Site "Spain"]
[Date "2004.??.??"]
[Round "?"]
[White "Planton Blanco, Jose Miguel"]
[Black "Andrada Andrada, Luis Javier"]
[Result "0-1"]
[WhiteElo "2000"]
[BlackElo "2300"]
[PlyCount "54"]
[EventDate "2004.??.??"]
[EventType "team"]
[EventRounds "9"]
[EventCountry "ESP"]
[SourceTitle "EXT 2007"]
[Source "ChessBase"]
[SourceDate "2006.11.23"]
[SourceVersion "1"]
[SourceVersionDate "2006.11.23"]
[SourceQuality "1"]

1. c4 Nf6 2. Nf3 g6 3. d4 Bg7 4. Nc3 0-0 5. e4 d6 6. Be2 e5 7. dxe5 dxe5 8. 0-0 Nbd7 9. Rb1 c6 10. h3 Qc7 11. Be3 Nh5 12. Ne1 Nf4 13. Kh2 f5 14. f3 Nf6 15. Bxf4 exf4 16. Bd3 Nh5 17. Qc2 Ng3 18. Rf2 Bd4 19. Rd2 Bxc3 20. Qxc3 fxe4 21. fxe4 f3 22. Kg1 fxg2 23. c5 Be6 24. Bc4 Rae8 25. Qb3 Qe5 26. Rd7 Ne2+ 27. Kxg2 Qxe4+ 0-1